Szczegóły MARC21

Lukrecjusz /

001 -Numer kontrolny rekordu [,]
    • @
    • pole kontrolne
    • zz2004944658
005 -Data i czas ostatniej zmiany [,]
    • @
    • Data ostatniej zmiany
    • 20241231115427.0
035 -Inne numery kontrolne [ , ]
    • a
    • Numer kontrolny
    • (OCoLC)832524014
040 -Instytucja sporządzająca opis [ , ]
    • a
    • Instytucja, która sporządziła opis (NP)
    • LUBL M/AS
    • c
    • Instytucja, która sporządziła rekord (NP)
    • LUBL M/AS
    • d
    • Instytucja, która zmodyfikowała rekord (P)
    • LUBL M/ASs
    • d
    • Instytucja, która zmodyfikowała rekord (P)
    • LUBL M/IK
    • d
    • Instytucja, która zmodyfikowała rekord (P)
    • WA 575/EB
041 -Język dokumentu [1, ]
    • a
    • Język tekstu (P)
    • polski
    • h
    • Język tekstu oryginalnego i/lub pośredniego (P)
    • łaciński
080 -Uniwersalna Klasyfikacja Dziesiętna [ , ]
    • 2
    • Identyfikator wydania tablic
    • UDC-P022
    • a
    • Symbol klasyfikacji
    • 1
    • b
    • Dopowiedzenie
    • Filozofia. Psychologia.
080 -Uniwersalna Klasyfikacja Dziesiętna [ , ]
    • 2
    • Identyfikator wydania tablic
    • UDC-P022
    • a
    • Symbol klasyfikacji
    • 821.124(091)
    • b
    • Dopowiedzenie
    • Literatura łacińska klasyczna (historia) - opracowania krytyczne.
    • x
    • Poddział wspólny
    • "00"
080 -Uniwersalna Klasyfikacja Dziesiętna [ , ]
    • 2
    • Identyfikator wydania tablic
    • UDC-P022
    • a
    • Symbol klasyfikacji
    • 929-051
    • b
    • Dopowiedzenie
    • Biografie indywidualne.
    • x
    • Poddział wspólny
    • (37)
    • b
    • Dopowiedzenie
    • (Rzym. Italia).
    • x
    • Poddział wspólny
    • "00"
080 -Uniwersalna Klasyfikacja Dziesiętna [ , ]
    • 2
    • Identyfikator wydania tablic
    • UDC-P022
    • a
    • Symbol klasyfikacji
    • 821.124'02-1
    • b
    • Dopowiedzenie
    • Literatura łacińska klasyczna - poezja.
942 -Rodzaj dokumentu [ , ]
    • c
    • Rodzaj dokumentu
    • Książka
998 -Inne dane NUKAT [ , ]
    • a
    • Numer systemowy
    • vtls000274581
245 -Strefa tytułu i oznaczenia odpowiedzialności [1,0]
    • a
    • Tytuł
    • Lukrecjusz /
    • c
    • Pozostałe elementy strefy tytułu i oznaczenia odpowiedzialności (NP)
    • Kazimierz Leśniak.
260 -Strefa adresu wydawniczego [ , ]
    • a
    • Miejsce wydania (P)
    • Warszawa :
    • b
    • Nazwa wydawcy (P)
    • Wiedza Powszechna,
    • c
    • Data wydania (P)
    • 1960.
830 -Hasło dodatkowe serii i opisu książki wielotomowej - tytuł ujednolicony/tytuł [ ,0]
    • a
    • Tytuł ujednolicony/tytuł (NP)
    • Myśli i Ludzie.
    • n
    • Oznaczenie części/podserii/sekcji (P)
    • 1,
    • p
    • Nazwa części/podserii/sekcji (P)
    • Filozofia Starożytna i Średniowieczna
300 -Strefa opisu fizycznego [ , ]
    • a
    • Określenie formy książki i/lub objętość (NP)
    • 222, [6] s. :
    • b
    • Oznaczenie ilustracji (NP)
    • il. ;
    • c
    • Format (NP)
    • 19 cm.
336 -Typ zawartości [ , ]
    • a
    • Termin opisujący typ zawartości
    • Tekst
    • b
    • Typ/rodzaj nośnika
    • txt
    • 2
    • Źródło (termin i kod)
    • rdacontent
337 -Typ mediów [ , ]
    • a
    • Tryb odtwarzania
    • Bez urządzenia pośredniczącego
    • b
    • Kod typu mediów
    • n
    • 2
    • Źródło (termin i kod)
    • rdamedia
338 -Typ/rodzaj nośnika [ , ]
    • a
    • Hasło opisujące typ nośnika
    • Wolumin
    • b
    • Kod typu nośnika
    • nc
    • 2
    • Źródło (termin i kod)
    • rdacarrier
490 -Strefa serii i książki wielotomowej - forma nie do wyszukiwania [1, ]
    • a
    • Tytuł (P)
    • Myśli i Ludzie. Filozofia Starożytna i Średniowieczna ;
    • v
    • Numeracja (P)
    • 1
501 -Uwaga dot. prac współwydanych [ , ]
    • a
    • Uwaga dot. prac współwydanych
    • Zawiera również: Wybór pism / Lukrecjusz.
504 -Uwaga dot. bibliografii załącznikowej [ , ]
    • a
    • Uwaga dot. bibliografii załącznikowej
    • Bibliogr. s. [225].
546 -Uwaga dot. języka [ , ]
    • a
    • Uwaga dot. języka
    • Tekst częśc. tł. z łac.
600 -SUBJECT ADDED ENTRY--PERSONAL NAME [0,7]
    • a
    • Personal name
    • Lucretius
    • d
    • Dates associated with a name
    • (około 97-55 p.n.e.).
700 -Hasło dodatkowe - nazwa osobowa [0,2]
    • a
    • Nazwa osobowa (NP)
    • Lucretius
    • d
    • Daty biograficzne (NP)
    • (około 97-55 p.n.e.).
    • t
    • Tytuł ujednolicony/tytuł (NP)
    • Wybór pism
710 -Hasło dodatkowe - nazwa ciała zbiorowego [2, ]
    • a
    • Nazwa ciała zbiorowego lub nazwa geograficzna jako pierwszy element (NP)
    • Państwowe Wydawnictwo Wiedza Powszechna.
    • 4
    • Określenie rodzaju współpracy
    • pbl
952 -Egzemplarz [ , ]
    • a
    • Numer inwentarzowy
    • Z.70868
    • c
    • Sygnatura
    • Z.70868
    • d
    • Lokalizacja
    • BG Dział Udostępniania Biblioteka Główna
    • p
    • Kod kreskowy
    • 2000300708680
    • w
    • Data inwentaryzacji
    • 1997-01-01
    • y
    • Status udostępniania
    • Tylko na miejscu
952 -Egzemplarz [ , ]
    • a
    • Numer inwentarzowy
    • F.2011
    • d
    • Lokalizacja
    • BNS Biblioteka Humanistyczna i Nauk Społecznych
    • p
    • Kod kreskowy
    • 2002500020111
    • w
    • Data inwentaryzacji
    • 1997-01-01
    • y
    • Status udostępniania
    • Tylko na miejscu
952 -Egzemplarz [ , ]
    • a
    • Numer inwentarzowy
    • SN.18945
    • d
    • Lokalizacja
    • BG Dział Udostępniania Biblioteka Główna
    • p
    • Kod kreskowy
    • 2004500189454
    • r
    • Cena
    • 0.00
    • v
    • Data wprowadzenia opisu
    • 2019-06-08
    • y
    • Status udostępniania
    • miesięczne
952 -Egzemplarz [ , ]
    • a
    • Numer inwentarzowy
    • H.14979
    • d
    • Lokalizacja
    • BNS Biblioteka Humanistyczna i Nauk Społecznych
    • e
    • Akcesja
    • 06d312/10
    • p
    • Kod kreskowy
    • 2002600149798
    • r
    • Cena
    • 6.00
    • w
    • Data inwentaryzacji
    • 2006-07-05
    • y
    • Status udostępniania
    • miesięczne
    • z
    • Sposób nabycia
    • dary zwarte
952 -Egzemplarz [ , ]
    • a
    • Numer inwentarzowy
    • E.4587
    • d
    • Lokalizacja
    • BE Biblioteka Ekonomiczna
    • p
    • Kod kreskowy
    • 2001000045877
    • r
    • Cena
    • 15.00
    • v
    • Data wprowadzenia opisu
    • 2022-06-27
    • y
    • Status udostępniania
    • Tylko na miejscu
    • z
    • Sposób nabycia
    • kupno zwarte
952 -Egzemplarz [ , ]
    • a
    • Numer inwentarzowy
    • E.4603
    • d
    • Lokalizacja
    • BE Biblioteka Ekonomiczna
    • p
    • Kod kreskowy
    • 2001000046034
    • r
    • Cena
    • 15.00
    • v
    • Data wprowadzenia opisu
    • 2024-04-02
    • y
    • Status udostępniania
    • Zaginiona
    • z
    • Sposób nabycia
    • kupno zwarte
    • g
    • Ubytek
    • 10003/1957 - 1957-01-01
980 -Symbol UKD [ , ]
    • a
    • Symbol UKD
    • 1+821.124'02(091)"-00":929-051(37)"-00"Lucretius+821.124'02-1